Business communication / (Record no. 1304)
[ view plain ]
| 000 -LEADER | |
|---|---|
| fixed length control field | 01178aam a2200337 a 4500 |
| 003 - CONTROL NUMBER IDENTIFIER | |
| control field | UkOxU |
| 005 - DATE AND TIME OF LATEST TRANSACTION | |
| control field | 20210625075420.0 |
| 008 - FIXED-LENGTH DATA ELEMENTS--GENERAL INFORMATION | |
| fixed length control field | 060620s2007 njuab 001 0 eng |
| 020 ## - INTERNATIONAL STANDARD BOOK NUMBER | |
| International Standard Book Number | 9780471790778 (pbk.) |
| 020 ## - INTERNATIONAL STANDARD BOOK NUMBER | |
| International Standard Book Number | 047179077X (pbk.) |
| 040 ## - CATALOGING SOURCE | |
| Transcribing agency | StDuBDS |
| 042 ## - AUTHENTICATION CODE | |
| Authentication code | ukblsr |
| 050 00 - LIBRARY OF CONGRESS CALL NUMBER | |
| Classification number | HF5718 |
| -- | .B744 2007 |
| 082 00 - DEWEY DECIMAL CLASSIFICATION NUMBER | |
| -- | 651.7 |
| 245 00 - TITLE STATEMENT | |
| Title | Business communication / |
| Statement of responsibility, etc. | Marty Brounstein ... [et al.]. |
| 260 ## - PUBLICATION, DISTRIBUTION, ETC. | |
| Place of publication, distribution, etc. | Hoboken, N.J. : |
| Name of publisher, distributor, etc. | Wiley, |
| Date of publication, distribution, etc. | c2007. |
| 300 ## - PHYSICAL DESCRIPTION | |
| Extent | xxx, 443 p. : |
| Other physical details | ill., map ; |
| Dimensions | 24 cm. |
| 500 ## - GENERAL NOTE | |
| General note | Includes index. |
| 650 #0 - SUBJECT ADDED ENTRY--TOPICAL TERM | |
| Topical term or geographic name entry element | Business communication. |
| 700 1# - ADDED ENTRY--PERSONAL NAME | |
| Personal name | Brounstein, Marty. |
| 856 41 - ELECTRONIC LOCATION AND ACCESS | |
| Uniform Resource Identifier | http://www.loc.gov/catdir/toc/ecip0616/2006020344.html |
| 942 ## - ADDED ENTRY ELEMENTS (KOHA) | |
| Source of classification or shelving scheme | |
| Koha item type | Book |
| Suppress in OPAC | MM |
| Withdrawn status | Lost status | Source of classification or shelving scheme | Damaged status | Not for loan | Permanent Location | Current Location | Shelving location | Date acquired | Total Checkouts | Full call number | Barcode | Date last seen | Price effective from | Koha item type | Public note |
|---|---|---|---|---|---|---|---|---|---|---|---|---|---|---|---|
| AU LIBRARY | AU LIBRARY | Open Shelf | 25.06.2021 | HF5718 .B87 2007 | 28000555 | 25.06.2021 | 25.06.2021 | Book | MM |